000 00925nam a2200265 a 4500
001 4698459
003 ARRUPE
005 20140131124908.0
008 820615s1982 nyua 000 0 eng
010 _a 82060852
020 _a0809124769 (pbk.) :
_c$7.95
040 _aDLC
_cDLC
_dDLC
041 1 _aengspa
050 0 0 _aBL627
_b.C2413 1982
082 0 0 _a248.3/4
_219
100 1 _aCaballero, Nicolás.
_97513
240 1 0 _aMeditación.
_lEnglish
245 1 4 _aThe way to freedom :
_bmeditation, oriental approach, and Christian content /
_cby Nicolás Caballero ; translated by Colette Joly Dees.
260 _aNew York :
_bPaulist Press,
_cc1982.
300 _a152 p. :
_bill. ;
_c23 cm.
500 _aTranslation of: La meditación, which was originally issued as v. 3 of El camino de la libertad.
650 0 _aMeditation.
_97514
906 _a7
_bcbc
_corignew
_d3
_eopcn
_f19
_gy-gencatlg
942 _2lcc
_cMONOGRAPH
999 _c119826
_d119826